| 000 | 01269nam a2200337Ia 4500 | ||
|---|---|---|---|
| 001 | ebr10135717 | ||
| 003 | CaPaEBR | ||
| 006 | m u | ||
| 007 | cr cn||||||||| | ||
| 008 | 050110s2005 nyu s 000 0 eng d | ||
| 010 | _z 2005040471 | ||
| 020 | _z1403980616 | ||
| 020 | _z1403970203 | ||
| 040 |
_aCaPaEBR _cCaPaEBR |
||
| 035 | _a(OCoLC)560470153 | ||
| 050 | 1 | 4 |
_aDS799.847 _b.C85 2005eb |
| 245 | 0 | 0 |
_aCultural, ethnic, and political nationalism in contemporary Taiwan _h[electronic resource] : _bbentuhua / _cedited by John Makeham and A-chin Hsiau. |
| 250 | _a1st ed. | ||
| 260 |
_aNew York : _bPalgrave Macmillan, _c2005. |
||
| 300 | _avi, 287 p. | ||
| 533 |
_aElectronic reproduction. _bPalo Alto, Calif. : _cebrary, _d2009. _nAvailable via World Wide Web. _nAccess may be limited to ebrary affiliated libraries. |
||
| 650 | 0 |
_aNationalism _zTaiwan. |
|
| 650 | 0 |
_aEthnicity _zTaiwan. |
|
| 650 | 0 |
_aDemocratization _zTaiwan. |
|
| 651 | 0 |
_aTaiwan _xPolitics and government. |
|
| 655 | 7 |
_aElectronic books. _2local |
|
| 700 | 1 |
_aMakeham, John, _d1955- |
|
| 700 | 1 | _aHsiau, A-chin. | |
| 710 | 2 | _aebrary, Inc. | |
| 856 | 4 | 0 |
_uhttp://site.ebrary.com/lib/rucke/Doc?id=10135717 _zAn electronic book accessible through the World Wide Web; click to view |
| 999 |
_c87009 _d87009 |
||